Estatísticas para Cultura Geral

Clique aqui para jogar o quiz

Estatísticas Gerais

  • Esse quiz foi jogado 30 vezes
  • A pontuação média é 6 de 15

Estatísticas das Respostas

HintResposta% Correto
Como se diz arroz em inglês?Rice
92%
Que país da América Central começa com a letra G?Guatemala
79%
Que país da América do Sul começa com a letra G?Guiana
79%
De que país o Beijinho é um doce típico?Brasil
63%
Que estado dos EUA começa com a letra G?Geórgia
58%
Que grande cidade do Texas começa com a letra H?Houston
46%
A que país pertence o queijo Appenzeller?Suíça
46%
Como se diz ovo em espanhol?Huevo
42%
A que banda pertenceu o Zayn Malik?One Direction
38%
Quem canta a música "When a Man Loves a Woman"?Michael Bolton
29%
Quem assombrava as crianças de Elm Street?Freddy Krueger
13%
A que país pertence o queijo Grevé?Suécia
8%
De que país o Teta de nega é um doce típico?Dinamarca
4%
Que país da América Central começa com a letra H?Hunduras
0%
A que país pertence o queijo Halloumi?Síria
0%

Distribuição das Pontuações

Percentil de Números Respondidos

Porcentagem de Pessoas com Cada Pontuação

Sua Pontuação Histórica

Você não jogou esse quiz